Stop Syurga : (Record no. 171444)

MARC details
000 -LEADER
fixed length control field 01240nam a22003257i 4500
005 - DATE AND TIME OF LATEST TRANSACTION
control field 20190306143259.0
008 - FIXED-LENGTH DATA ELEMENTS--GENERAL INFORMATION
fixed length control field 190306t20122012my e b 000 0dmay d
020 ## - INTERNATIONAL STANDARD BOOK NUMBER
International Standard Book Number 9789673610457
Qualifying information paperback
040 ## - CATALOGING SOURCE
Original cataloging agency PPAK
Language of cataloging eng
Transcribing agency PPAK
Description conventions rda
041 1# - LANGUAGE CODE
Language code of text/sound track or separate title may
Language code of original ind
082 04 - DEWEY DECIMAL CLASSIFICATION NUMBER
Classification number 297.23
Edition number 23
090 00 - LOCALLY ASSIGNED LC-TYPE CALL NUMBER (OCLC); LOCAL CALL NUMBER (RLIN)
Classification number (OCLC) (R) ; Classification number, CALL (RLIN) (NR) 297.23
Feature heading MIS
Feature heading G
100 0# - MAIN ENTRY--PERSONAL NAME
Personal name Misbah Em Majidy,
Titles and words associated with a name Ustaz,
Dates associated with a name 1971-
Relator term author.
245 10 - TITLE STATEMENT
Title Stop Syurga :
Remainder of title Kisah Pelaku Maksiat Yang Menjadi Penghuni Neraka Allah /
Statement of responsibility, etc. MISBAH EM MAJIDY ; Editor Syariah : Ustaz Zainudin Hashim ; Editor Urusan : Solehah Abu Bakar ; Editor/Alihbahasa : Nik Faridah Mamat ; Editor/pruf : Norazila Kasir
264 #1 - PRODUCTION, PUBLICATION, DISTRIBUTION, MANUFACTURE, AND COPYRIGHT NOTICE
Place of production, publication, distribution, manufacture Sungai Buloh, Selangor :
Name of producer, publisher, distributor, manufacturer Kemilau Publika Sdn Bhd,
Date of production, publication, distribution, manufacture, or copyright notice 2012
Date of production, publication, distribution, manufacture, or copyright notice ©2012
300 ## - PHYSICAL DESCRIPTION
Extent xvii, 333 pages ;
Dimensions 23 cm
336 ## - CONTENT TYPE
Source rdacontent
Content type term text
337 ## - MEDIA TYPE
Source rdamedia
Media type term unmediated
338 ## - CARRIER TYPE
Source rdacarrier
Carrier type term volume
500 ## - GENERAL NOTE
General note Contains verses from the Qur'an and quotes from the Hadith
504 ## - BIBLIOGRAPHY, ETC. NOTE
Bibliography, etc. note Bibliography: pages 330-332
650 10 - SUBJECT ADDED ENTRY--TOPICAL TERM
Topical term or geographic name entry element Islamic estachology
Topical term or geographic name entry element Hell
General subdivision Islam
700 0# - ADDED ENTRY--PERSONAL NAME
Personal name Zainudin Hashim,
Titles and other words associated with a name Ustaz,
Relator term editor.
Personal name Solehah Abu Bakar,
Relator term editor.
Personal name Nik Faridah Mamat,
Relator term editor.
Personal name Norazila Kasir,
Relator term editor.
942 ## - ADDED ENTRY ELEMENTS (KOHA)
Source of classification or shelving scheme Dewey Decimal Classification
Koha item type Book
Holdings
Withdrawn Not for loan Current library Shelving location Date acquired Full call number Barcode Date last seen Koha item type
    PD29, Kg. Gajah Putih, Sik Pinjaman Dewasa 07/03/2019 297.23 MIS A00737922 07/03/2019 Book
    PD29, Kg. Gajah Putih, Sik Pinjaman Dewasa 07/03/2019 297.23 MIS A00737923 07/03/2019 Book